| Tag |
First Indicator |
Second Indicator |
Subfields |
| LEADER |
00000cam a22000001a 4500 |
| 001 |
in00003366021 |
| 006 |
m d f |
| 007 |
cr bn mmmapmmp |
| 008 |
100605m19701971dcu o f000 0 eng d |
| 005 |
20260430212432.1 |
| 035 |
|
|
|a cis2007873556
|
| 040 |
|
|
|a ProQuest
|c ProQuest
|d UtOrBLW
|
| 043 |
|
|
|a n-us---
|
| 099 |
|
|
|a CRS-1970-EPX-0005
|
| 110 |
2 |
|
|a Library of Congress.
|b Legislative Reference Service.
|
| 245 |
1 |
0 |
|a Brief Summary and Section-By-Section Analysis of Amendment No. 582 (Simplified Food Stamp Distribution for Recipients of Family Assistance Benefits or Aid to the Aged, Blind, and Disabled) to H.R. 16311, The Family Assistance Act of 1970, and Examples of Possible Effects of Amendment No. 582.
|
| 264 |
|
1 |
|a [Place of publication not identified] :
|b [publisher not identified],
|c 1970-1971.
|
| 300 |
|
|
|a 1 online resource.
|
| 336 |
|
|
|a text
|b txt
|2 rdacontent
|
| 337 |
|
|
|a computer
|b c
|2 rdamedia
|
| 338 |
|
|
|a online resource
|b cr
|2 rdacarrier
|
| 500 |
|
|
|a Record is based on bibliographic data in ProQuest U.S. Congressional Research Digital Collection (last viewed June 2010). Reuse except for individual research requires license from ProQuest, LLC.
|
| 500 |
|
|
|a CRS Report.
|
| 500 |
|
|
|a Electronic resource.
|
| 650 |
|
0 |
|a Blind.
|
| 650 |
|
0 |
|a People with disabilities.
|
| 655 |
|
7 |
|a Electronic books.
|2 local
|
| 710 |
2 |
|
|a ProQuest (Firm)
|
| 776 |
0 |
8 |
|i Microfiche version:
|a Library of Congress. Legislative Reference Service.
|t Brief Summary and Section-By-Section Analysis of Amendment No. 582 (Simplified Food Stamp Distribution for Recipients of Family Assistance Benefits or Aid to the Aged, Blind, and Disabled) to H.R. 16311, The Family Assistance Act of 1970, and Examples of Possible Effects of Amendment No. 582
|
| 830 |
|
0 |
|a U.S. Congressional Research.
|
| 856 |
4 |
0 |
|u http://proxy.library.tamu.edu/login?url=https://congressional.proquest.com/congcomp/getdoc?CRDC-ID=CRS-1970-EPX-0005
|z Connect to the full text of this electronic book
|t 0
|
| 999 |
|
|
|a MARS
|
| 999 |
f |
f |
|s 707d6dc2-e6ab-355d-a053-a9ef14abdbff
|i bfbac150-746e-32e1-a16b-987851085008
|t 0
|
| 952 |
f |
f |
|a Texas A&M University
|b College Station
|c Electronic Resources
|s www_evans
|d Available Online
|t 0
|e CRS-1970-EPX-0005
|h Other scheme
|
| 998 |
f |
f |
|a CRS-1970-EPX-0005
|t 0
|l Available Online
|